000
00293nam a2200121 4500
999
_c
11731
_d
11731
003
OSt
005
20230717192505.0
008
230717b ||||| |||| 00| 0 eng d
100
_a
Francisco Asensio Cerver
245
_a
Classic furniture
260
_b
Publishing department/Spain
942
_2
ddc